00395nam a2200157Ia 4500003000400000005001700004008004000021040000700061041000800068082001100076100001800087245007000105250000600175260004300181300001300224OSt20230516155648.0210210b1942 xxu||||| |||| 00| 0 eng d cAL aeng a320/71 aBRIERLY (J L) aLaw of nations: an introduction to the international law of peace a3 aLondonbOxford University Pressc1942 aviii,272